Chinese Dynasties - Statistics

General Stats
  • This quiz has been taken 141 times
  • The average score is 48 of 69
Answer Stats
Time Period Dynasty % Correct
550AD-577AD Northern Qi
99%
479AD-502AD Southern Qi
99%
909AD-945AD Min
98%
351AD-394AD Former Qin
96%
384AD-417AD Later Qin
96%
221BC-207BC Qin
96%
385AD-431AD Western Qin
96%
1368AD-1644AD Ming
94%
1644AD-1662AD Southern Ming
94%
1636AD-1912AD Qing
93%
923AD-937AD Later Tang
92%
937AD-936AD Southern Tang
92%
25AD-220AD Eastern Han
90%
947AD-951AD Later Han
90%
917AD-971AD Southern Han
90%
951AD-979AD Southern Han
90%
618AD-907AD Tang
90%
202BC-9AD Western Han
90%
1368AD-1635AD Northern Yuan
89%
1271AD-1368AD Yuan
89%
420AD-479AD Liu Song
82%
960AD-1127AD Northern Song
82%
1127AD-1279AD Southern Song
82%
407AD-431AD Hu Xia
79%
1038AD-1227AD Western Xia
79%
2070BC-1600BC Xia
79%
221AD-263AD Shu Han
77%
304AD-347AD Cheng Han
75%
770BC-256BC Eastern Zhou
74%
951AD-960AD Later Zhou
74%
557AD-581AD Northern Zhou
74%
1046BC-771BC Western Zhou
74%
317AD-420AD Eastern Jin
73%
1115AD-1234AD Jin
73%
936AD-947AD Later Jin
73%
1616AD-1636AD Later Jin
73%
1600BC-1046BC Shang
73%
266AD-316AD Western Jin
73%
690AD-705AD Wu Zhou
71%
222AD-280AD Eastern Wu
67%
581AD-619AD Sui
65%
907AD-937AD Yang Wu
65%
9AD-23AD Xin
61%
1949AD-Present China
60%
916AD-1125AD Liao
60%
1124AD-1218AD Western Liao
60%
220AD-266AD Cao Wei
58%
534AD-550AD Eastern Wei
58%
386AD-535AD Northern Wei
58%
535AD-557AD Western Wei
58%
557AD-589AD Chen
54%
907AD-925AD Former Shu
51%
934AD-965AD Later Shu
51%
337AD-370AD Former Yan
49%
384AD-409AD Later Yan
49%
407AD-436AD Northern Yan
49%
398AD-410AD Southern Yan
49%
907AD-951AD Ma Chu
42%
320AD-376AD Former Liang
40%
386AD-403AD Later Liang
40%
907AD-923AD Later Liang
40%
502AD-557AD Liang
40%
397AD-439AD Northern Liang
40%
397AD-414AD Southern Liang
40%
400AD-421AD Western Liang
40%
304AD-329AD Han Zhao
39%
319AD-351AD Later Zhao
39%
907AD-978AD Wuyue
18%
924AD-963AD Jingnan
7%
No matching quizzes found
Score Distribution
Percent of People with Each Score
Percentile by Number Answered
Your Score History
You have not taken this quiz